Six-Letter Girls' Names (US 2014) Quiz Stats

 Plays Quiz not verified by Sporcle

Challenge
Share
Tweet
Embed
Score 0/300 Timer 20:00
0 Plays Today
Hint Answer % Correct
2Olivia
92.6%
3Sophia
90.5%
15Amelia
90.1%
91Sophie
88.2%
36Audrey
87.7%
28Hannah
87.6%
52Kaylee
87.5%
51Hailey
87.3%
87Ashley
87.2%
20Aubrey
87.1%
155Rachel
86.3%
76Alyssa
86.1%
94Lauren
85.9%
37Ariana
85.6%
191Angela
85.6%
16Evelyn
85.5%
144Isabel
85.4%
64Alexis
84.6%
247Jordan
84.6%
162Gracie
84.3%
125Andrea
83.4%
341Alicia
82.8%
314Amanda
82.8%
289Alison
82.2%
419Briana
81.6%
11Harper
80.7%
77Taylor
80.3%
506Lilian
80.3%
258Juliet
80.2%
104Bailey
80.1%
67Violet
79.8%
129Nicole
79.6%
186Callie
79.2%
137Brooke
78.8%
690Jasmin
78.4%
400Haylee
78.3%
127Jordyn
78.2%
44Claire
78%
56Peyton
78%
61Aubree
78%
98Vivian
78%
587Jessie
77.9%
101Morgan
77.5%
134Payton
77.3%
71Autumn
77.2%
136Mariah
77.1%
270Alexia
76.7%
66Stella
76.4%
349Harley
75.6%
164Emilia
75.6%
324Kelsey
75.3%
138Willow
75%
520Hayley
74%
803Mollie
73.8%
95Gianna
73.8%
239Maggie
73%
93London
72.9%
966Carlie
72.8%
106Reagan
72.7%
199Hayden
72.3%
203Esther
72.3%
168Aliyah
72.2%
202Marley
72.1%
396Jazmin
72%
306Ashlyn
71.7%
260Sienna
71.5%
539Jayden
71.4%
517Kaylie
71.2%
99Hadley
71%
526Alanna
70.7%
48Skylar
70.6%
117Eliana
70.6%
259Kendra
70.6%
352Sierra
70.6%
327Joanna
70.6%
41Camila
70.4%
109Sydney
70.3%
182Summer
70.3%
214Alivia
70.2%
190Alaina
70.1%
346Selena
70.1%
116Aurora
70.1%
855Alissa
70.1%
502Helena
69.5%
455Serena
69.5%
732Emilie
69.5%
302Skyler
69.4%
156Melody
69.3%
337Leslie
69.1%
361Baylee
69%
829Carlee
69%
505Millie
68.6%
152Adalyn
68%
378Averie
67.9%
298Phoebe
67.8%
208Kinley
67.5%
197Adelyn
67.4%
65Nevaeh
67.3%
586Hallie
67.3%
154Londyn
67.1%
Hint Answer % Correct
338Heaven
66.5%
428Aubrie
66.5%
885Karlie
66.3%
294Shelby
66.3%
253Teagan
66%
661Marina
65.9%
654Elaine
65.6%
693Karlee
65.6%
476Kailey
65.5%
667Amelie
65%
643Kallie
64.5%
541Gloria
64.3%
538Monica
64.2%
235Parker
64.1%
703Aliana
64.1%
383Carmen
64%
281Elaina
64%
512Lillie
63.8%
719Teresa
63.4%
470Marlee
63.3%
251Noelle
63%
879Sharon
63%
217Alayna
62.8%
772Hailee
62.6%
595Alyson
62.4%
800Sandra
62.3%
429Karina
62.1%
735Martha
62%
244Kenzie
61.5%
834Evalyn
61.3%
730Brenda
61.2%
898Harlee
61.2%
195Athena
61%
223Finley
60.8%
560Bailee
60.8%
777Denise
60.4%
226Aniyah
60.3%
596Emilee
60.2%
328Fatima
59.9%
574Kaelyn
59.9%
561Kenley
59.8%
895Alisha
59.5%
725Leanna
59.5%
493Sylvia
59.1%
711Eileen
59.1%
511Kailyn
59%
300Eloise
58.5%
285Dakota
58.3%
307Amiyah
58.3%
866Bonnie
57.9%
398Camryn
57.8%
360Bianca
57.8%
625Emelia
57.7%
305Miriam
57.5%
744Nataly
57.3%
859Kailee
57%
547Kaylin
56.8%
468Brylee
56.8%
562Aileen
56.4%
696Jaylee
56.3%
142Ximena
56.3%
515Lauryn
56.3%
590Hattie
56.2%
910Anabel
56.2%
641Jaelyn
56.1%
445Dahlia
55.9%
410Raelyn
55.8%
915Sidney
55.8%
178Everly
55.5%
1064Elissa
55.3%
817Laurel
55.1%
525Regina
55%
557Danica
55%
712Kayden
54.9%
923Hadlee
54.5%
321Raegan
54.5%
952Judith
54.5%
576Annika
53.8%
610Charli
53.7%
380Kamryn
53%
904Yasmin
53%
973Louisa
52.8%
556Winter
52.5%
884Amalia
52.3%
714Celine
52%
436Melany
52%
715Aryana
51.7%
474Jazlyn
51.3%
676Caylee
51.2%
784Brenna
51.2%
623Tenley
51%
1019Carina
50.6%
914Emerie
50.5%
403Kamila
50.3%
593Laylah
50.3%
356Daphne
50.2%
858Briley
50.2%
746Shayla
50%
785Carter
49.9%
344Sawyer
49.7%
Hint Answer % Correct
598Melina
49.5%
634Kimber
49.4%
523Henley
49%
958Mattie
48.7%
1085Tinley
48.1%
871Joslyn
48%
1080Kinlee
48%
917Jaylin
47.7%
618Jaycee
47.5%
535Zariah
47.4%
1070Kaylen
47.1%
658Maisie
46.7%
802Aviana
46.5%
728Simone
46.2%
631Samara
46%
1028Avalyn
45.7%
1050Joelle
45.5%
694Lailah
45%
786Danika
44.8%
370Sloane
44.5%
568Mariam
44.3%
720Jolene
44.3%
759Farrah
44%
1047Selina
44%
922Alyvia
43.7%
621Kynlee
43.4%
766Hunter
43.4%
508Harlow
43.2%
495Aleena
42.9%
664Ivanna
42.9%
665Amirah
42.7%
745Paityn
42.7%
558Alayah
42.6%
358Jaylah
42.5%
1001Neveah
42%
924Ingrid
42%
830Iliana
41.8%
635Lilith
41.7%
939Maliah
41.7%
762Milana
41.2%
438Jimena
41.1%
826Ayleen
41%
401Nayeli
40.8%
1061Vivien
40.7%
697Raquel
40.6%
633Chanel
40.4%
931Ariyah
40.3%
585Lainey
40.2%
977Moriah
40.2%
597Maryam
39.9%
758Yareli
39.8%
527Azalea
39.7%
749Margot
39.6%
769Sariah
39.2%
882Wynter
39.2%
913Astrid
38.9%
599Dayana
38.8%
741Thalia
38.8%
756Elliot
38.5%
652Karsyn
38.5%
580Dallas
37.9%
845Aiyana
37.2%
768Oakley
36.7%
671Armani
36.5%
1067Aminah
36%
1035Fallon
35.9%
684Maleah
35.8%
1060Cecily
35.7%
894Zainab
35.6%
774Sutton
35.3%
609Shiloh
35.2%
757Meadow
35.2%
620Ansley
35.2%
848Janiya
34.9%
927Azaria
34.9%
1032Raylee
34.7%
968Karter
34.2%
959Milani
34%
1008Jurnee
33.8%
659Renata
33.6%
1020Ellery
33.4%
796Saylor
33.2%
636Malaya
33%
798Milena
32.9%
699Lennon
32.8%
1046Sarahi
32.7%
881Kimora
31.9%
1063Austyn
31.6%
1026Vienna
30.1%
869Paloma
29.8%
1039Amaris
29%
951Stevie
28.7%
607Aranza
28.1%
1072Kalani
27.7%
787Monroe
27.7%
1084Romina
27.4%
1045Saanvi
26.4%
981Landry
26.2%
929Neriah
25.3%
1033Aadhya
22.1%

You're not logged in!

Compare scores with friends on all Sporcle quizzes.
OR
Log In

You Might Also Like...

Show Comments

Extras

Top Quizzes Today


Score Distribution

Your Account Isn't Verified!

In order to create a playlist on Sporcle, you need to verify the email address you used during registration. Go to your Sporcle Settings to finish the process.

Report this User

Report this user for behavior that violates our Community Guidelines.

Details: